000 01096nam0a22003011 4500
001 rc\2149604
005 20250623092905.0
035 _a(NLR Aleph) 006703411
090 _a5267848
_c5267848
100 _a20110829d1978 |||y0rusy50 ca
101 0 _arus
102 _aRU
105 _ay e |||||
200 1 _aЭтимологический словарь тюркских языков
_eОбщетюрк. и межтюрк. основы на букву "Б"
210 _aМосква
_cНаука
_d1978
215 _a349 с.
_d26
300 _aВ надзаг.: АН СССР, Ин-т языкознания
320 _aУказ. этимологизируемых основ: с. 311-343
606 _aТюркские языки
_jСловари этимологические
_2psbo
700 1 _aСевортян
_bЭ.В.
_f1901-
_gЭрванд Владимирович
801 0 _aRU
_bNLR
_gpsbo
801 1 _aRU
_bELAR
_2rusmarc
852 _aNLR
_bОЛСАА
899 _aRuMoRGB
_jБ 74-26/204
899 _aRuMoRGB
_jБ 74-26/205
942 _cBOOK
980 _aNB